Welcome to CU Library Online Public Access Catalogue (OPAC)

TRAGEDY TO TRIUMPH (Record no. 6346)

MARC details
000 -LEADER
fixed length control field 00425nam a22001457a 4500
005 - DATE AND TIME OF LATEST TRANSACTION
control field 20250609124008.0
008 - FIXED-LENGTH DATA ELEMENTS--GENERAL INFORMATION
fixed length control field 250609b |||||||| |||| 00| 0 eng d
020 ## - INTERNATIONAL STANDARD BOOK NUMBER
International Standard Book Number 9780850096361
050 ## - LIBRARY OF CONGRESS CALL NUMBER
Classification number BT 732
Item number .7 RET
100 ## - MAIN ENTRY--PERSONAL NAME
Personal name RETIEF, FRANK
245 ## - TITLE STATEMENT
Title TRAGEDY TO TRIUMPH
Remainder of title A Christian response to trials and suffering
Statement of responsibility, etc. FRANK RETIEF
260 ## - PUBLICATION, DISTRIBUTION, ETC.
Place of publication, distribution, etc. MILTON KEYNES
Name of publisher, distributor, etc. WORD PUBLISHING
Date of publication, distribution, etc. c1994
300 ## - PHYSICAL DESCRIPTION
Extent 232p.;
942 ## - ADDED ENTRY ELEMENTS (KOHA)
Source of classification or shelving scheme Library of Congress Classification
Koha item type Books
Suppress in OPAC No
999 ## -
-- 6346
-- 6346
Holdings
Withdrawn status Lost status Source of classification or shelving scheme Damaged status Not for loan Collection Home library Current library Shelving location Date acquired Total checkouts Full call number Barcode Date last seen Copy number Price effective from Koha item type
    Library of Congress Classification     Non-fiction Undergraduate Library (Christ Temple) Undergraduate Library (Christ Temple) General stacks 06/09/2025   BT 732.7 RET ulct00003099 06/09/2025 1 06/09/2025 Books
© 2023-2024 Copyright: Central University Libraries. All Rights Reserved | Created by: Mahone Tech Office